Click the Counties of England on a Borderless Map - Statistics

General Stats
  • This quiz has been taken 209 times
  • The average score is 26 of 47
Answers on the Map
Answers color-coded by a green-red scale on the quiz's map according to % correct below.
 
Answer Stats
Answer % Correct
Isle of Wight
79%
Cornwall
77%
Devon
75%
Cumbria
71%
Hampshire
71%
Kent
71%
Lincolnshire
69%
Norfolk
67%
Northumberland
67%
Essex
65%
Greater London
65%
Suffolk
65%
East Riding of
Yorkshire
63%
Merseyside
62%
North Yorkshire
62%
West Sussex
62%
Cambridgeshire
60%
East Sussex
60%
Lancashire
60%
West Yorkshire
60%
Dorset
58%
Somerset
58%
Surrey
58%
Tyne and Wear
58%
Derbyshire
54%
Durham
54%
Nottinghamshire
54%
Gloucestershire
52%
Herefordshire
50%
Wiltshire
50%
Cheshire
48%
Greater Manchester
48%
Buckinghamshire
46%
City of Bristol
46%
Leicestershire
46%
Rutland
46%
Shropshire
46%
South Yorkshire
44%
Warwickshire
44%
Oxfordshire
42%
Berkshire
38%
Hertfordshire
38%
Northamptonshire
38%
West Midlands
38%
Worcestershire
38%
Bedfordshire
37%
Staffordshire
35%
No matching quizzes found
Score Distribution
Percent of People with Each Score
Percentile by Number Answered
Your Score History
You have not taken this quiz